| 000 | 02201nam a2200709 a 4500 | ||
|---|---|---|---|
| 001 | 22774 | ||
| 003 | SK-KTurca | ||
| 005 | 20260423130523.0 | ||
| 008 | 140306s2013 xo oa g 000 udslo d | ||
| 020 | _a9788022206235 (viaz.) | ||
| 035 | _aa000499092 | ||
| 040 |
_aTTKJF _bslo _cUKB _eAACR2 |
||
| 041 | 1 |
_aslo _heng |
|
| 044 |
_axo _cSK |
||
| 072 | 7 |
_a32 _xPolitika _2konspekt |
|
| 072 | 7 |
_a929 _xBiografie _2konspekt |
|
| 080 |
_a341.71 _22001 |
||
| 080 |
_a930-051 _22001 |
||
| 080 |
_a821.111(73)-055.2 _22001 |
||
| 080 |
_a929 _22001 |
||
| 080 |
_a329.17 _22001 |
||
| 080 |
_a316.72/.75 _22001 |
||
| 080 |
_a341.76 _22001 |
||
| 080 |
_a(73) _22001 |
||
| 080 |
_a(430) _22001 |
||
| 080 |
_a(0:82-96) _22001 |
||
| 080 |
_a(092) _22001 |
||
| 100 | 1 |
_aLarson, Erik, _d1954- |
|
| 240 | 1 | 0 |
_aIn the garden of beatst. _lSlovensky |
| 245 | 1 | 0 |
_aV pavilóne šeliem _cErik Larson ; [z anglického originálu preložila Lucia Halová] |
| 250 | _a1. vyd. | ||
| 260 |
_aBratislava _bTatran _c2013 |
||
| 300 | _a339 s. | ||
| 490 | 1 |
_aLUK : knižnica svetových bestsellerov _vzv. 98 |
|
| 530 | _aDostupný aj zvukový záznam | ||
| 600 | 1 | 7 |
_aDodd, William Edward, _d1869-1940 _2UKBPH |
| 600 | 1 | 7 |
_aDodd, Martha, _d1908-1990 _2UKBPH |
| 650 | 0 | 7 |
_adiplomati _zSpojené štáty americké _y20. stor. _2UKBPH |
| 650 | 0 | 7 |
_aamerické spisovateľky _y20. stor. _2UKBPH |
| 650 | 0 | 7 |
_anacizmus _zNemecko _y1933-1945 _2UKBPH |
| 650 | 0 | 7 |
_ahistorici _y19.-20. stor. _2UKBPH |
| 651 | 7 |
_aNemecko _xspoločenské pomery _y1933-1945 _2UKBPH |
|
| 651 | 7 |
_aNemecko _xdiplomatické vzťahy _y1933-1945 _2UKBPH |
|
| 651 | 7 |
_aSpojené štáty americké _xdiplomatické vzťahy _y1933-1945 _2UKBPH |
|
| 653 | _a341.71 | ||
| 653 | _a930-051 | ||
| 653 | _a821.111(73)-055.2 | ||
| 653 | _a929 | ||
| 653 | _a329.17 | ||
| 653 | _a316.72/.75 | ||
| 653 | _a341.76 | ||
| 653 | _a(73) | ||
| 653 | _a(430) | ||
| 653 | _a(0:82-96) | ||
| 653 | _a(092) | ||
| 655 | 7 |
_aliteratúra faktu _2UKBPH |
|
| 655 | 7 |
_abiografie _2UKBPH |
|
| 700 | 1 |
_aHalová, Lucia, _d1979- _4trl |
|
| 776 | 0 |
_tV pavilóne šeliem _i[zvukový záznam] |
|
| 830 | 0 | _aLUK - Knižnica svetových bestsellerov | |
| 942 |
_2ddc _cKLDO _n0 |
||
| 999 |
_c22774 _d22774 |
||